000 01087nam a2200241Ia 4500
999 _c37832
_d37832
001 3809
003 GE_BSU
005 20190821171703.0
008 181216s1983||||ge |||||||||||||| ||geo||
040 _cGE_BSU
041 _ageo
080 _a1(479.22)(091) ნ–99
100 _aნუცუბიძე, შალვა
_93684
245 _aშრომები :
_bტ. 8. წ. 1. ქართული ფილოსოფიის ისტორია /
_cსარედ. კოლ.: ალ. ბარამიძე და სხვ.
264 _aთბ..
_b მეცნიერება,
_c1983.
300 _a622 გვ.
_b22 სმ.
501 _aპირთა საძიებელი: გვ. 613-620.
546 _aპარალელ. თავფურც. რუს. და გერმ. ენებზე.
653 _aქართული ფილოსოფიის ისტორია
653 _aშრომები. VII.
700 _aხიდაშელი, შალვა
_eრედაქტორი
_93727
942 _cBK
_2udc